000 01515nam a2200217Ia 4500
999 _c15061
_d15061
003 OSt
005 20220105163910.0
008 160316s2000 xxu||||| |||| 00| 0 eng d
020 _a033393338
040 _c.
082 _a344.046 CHA
_bCHA
100 _aChary S N
245 _aEnvironmental Management : An Indian Perspective
260 _aDelhi
_bMacmillan India Limited
_c2000
300 _a358p
_cv
365 _bRs.278
505 _aTable Of Contents: Preface; 1.Introduction 2. Social-Ecological Research in India: A 'Status' Report 3.Whither India's Environment? 4.Economic Reform and Ecological Refurbishment: A Strategy for India 5.Environmental Accounting 6.Environment and Energy 7.Water Resources Planning: Changing Perspectives 8.Resettlement and Rehabilitation of the Displaced 9.Pani Panchayat Model of Water Management 10. Forest Resource Management in India: Role of the State and its Effectiveness 11.Subsidies, Controls and the Use of Natural Capital in India 12. Environmental Legislation and Implementation in India 13. Global Environmental Issues: Impact on India 14.Environmental Concerns and Management in the South and the North – A Comparative Perspective 15. Managing the Environment – A Gender Perspective • 16.A Framework for Conducting Carrying Capacity Studies for Dakshina Kannada District Index
650 _a1. Environment Management - Natural Resources - India
700 _aVyasulu Vinod
_a
942 _2ddc
_cBK